|
|
|
|
| LEADER |
01208nam a2200277 p 4500 |
| 001 |
c000199242 |
| 003 |
CARM |
| 005 |
20021125001900.0 |
| 008 |
760408s1975 sz b 00010 ger |
| 019 |
1 |
|
|a 202280
|5 LACONCORD2021
|
| 020 |
|
|
|a 3261018488 :
|c 48.20F
|
| 035 |
|
|
|a (OCoLC)2165646
|5 LACONCORD2021
|
| 040 |
|
|
|d NUN
|
| 050 |
0 |
0 |
|a HD9999.B9
|b H63
|
| 100 |
1 |
|
|a Hoffmann, Wolf-Dietrich,
|d 1945-
|
| 245 |
0 |
4 |
|a Die International Business Machines Corporation (IBM) im amerikanischen Datenverarbeitungsmarkt :
|b eine Fallstudie /
|c Wolf-Dietrich Hoffmann.
|
| 260 |
|
|
|a Bern :
|b Herbert Lang ;
|a Frankfurt/M. :
|b Peter Lang,
|c 1975.
|
| 300 |
|
|
|a vi, 300 p. ;
|c 21 cm.
|
| 440 |
|
0 |
|a Europäische Hochschulschriften.
|n Reihe V,
|p Volks- und Betriebswirtschaft ;
|v Bd. 112
|
| 504 |
|
|
|a Bibliography: p. 284-300.
|
| 610 |
2 |
0 |
|a International Business Machines
|x History.
|
| 650 |
|
0 |
|a Electronic office machines.
|
| 740 |
4 |
|
|a Die International Business Machines Corporation ...
|
| 852 |
8 |
|
|b CARM
|h A2:AK16A0
|i B06116
|p 0287456
|f BK
|
| 999 |
f |
f |
|i 6667c3fb-ccda-5f25-8084-06ebf68c45e5
|s 2a589043-8725-5ffa-945d-972ec9b299e9
|
| 952 |
f |
f |
|p Can circulate
|a CAVAL
|b CAVAL
|c CAVAL
|d CARM 1 Store
|e B06116
|f A2:AK16A0
|h Other scheme
|i book
|m 0287456
|